000 00307nam a22001337a 4500
008 180919b xxu||||| |||| 00| 0 eng d
020 _a0781702151
041 _aeng
080 _a612.39
100 _a10
101 _aNUT
245 _aProtein Metabolism During Infancy
_cRaiha.N.R
942 _2udc
_cBK
999 _c47970
_d47970